| 000 | 00646nam a2200229Ia 4500 | ||
|---|---|---|---|
| 003 | OSt | ||
| 005 | 20220927105219.0 | ||
| 006 | a|||||r|||| 00| 0 | ||
| 007 | ta | ||
| 008 | 220926b |||||||| |||| 00| 0 eng d | ||
| 024 | _a187985 | ||
| 037 | _cReference Collections | ||
| 040 |
_aRTL _cRTL _beng |
||
| 041 |
_2eng _aeng |
||
| 082 | _a"X:3M24xM18:g, H2/SC" | ||
| 100 |
_aRobinson Joan _9371038 |
||
| 245 | 0 | _aEssay on Marxian economics | |
| 260 |
_aLondon _bMc Millan and Co. Ltd. _c1952 |
||
| 300 |
_a"ix,103p" _ccm. |
||
| 942 |
_h"X:3M24xM18:g, H2/SC" _cCC |
||
| 999 |
_c691282 _d691282 |
||